Sem´ja, moral´, pravo /
Uložené v:
| Hlavný autor: | |
|---|---|
| Médium: | Kniha |
| Jazyk: | Russian |
| Vydané: |
Minsk :
Nauka i technika,
1974.
|
| Vydanie: | 1. izd. |
| ISBN: |
(brož.) |
| Fyzický popis: |
213 s. |
| Tagy: |
Pridať tag
Žiadne tagy, Buďte prvý kto otaguje tento záznam!
|
Titul je dostupný aj v ... 

MARC
| LEADER | 00000nam a22000004a 4500 | ||
|---|---|---|---|
| 001 | 000425913 | ||
| 005 | 20130706173704.0 | ||
| 008 | 130706s1974 bw e 000 0 rus d | ||
| 020 | |a (brož.) |c Kčs 6,00 | ||
| 040 | |a SVKKK |b slo |c SVKKK |e AACR2 | ||
| 041 | 0 | |a rus | |
| 044 | |a bw |c BY | ||
| 100 | 1 | |a Čumakova, Tamara Jefimovna | |
| 245 | 1 | 0 | |a Sem´ja, moral´, pravo / |c T. J. Čumakova. |
| 250 | |a 1. izd. | ||
| 260 | |a Minsk : |b Nauka i technika, |c 1974. | ||
| 300 | |a 213 s. | ||
| 910 | |a svkkk | ||
| 998 | |a BK | ||
| 090 | |g SCKHL |k Sklad Hlavná 10 suterén |a I.43230 |j 508452 |i 425913-10 |4 Zastaraná |s Vyradená | ||